000 00533ntaaa2200205 4500
003 01
005 20251027203037.0
008 0714s1973 ag 01
040 _aAR-BaBN
_bspa
_cAR-BaBN
_eaacr
_dRIC
082 _a783.0900 D74
100 _aDouglass, Robert
_931557
245 _aChurch music through the ages
250 _a1 ed.
260 _aNashville :
_bConvention Press,
_cc1967
300 _a119 p.
500 _aMúsica eclesiástica a través de los siglos.
650 _aMusica
650 _aHistoria
_9175
942 _cBK
999 _c25809
_d25809